000 00416nam a22001457a 4500
003 OSt
008 250328b |||||||| |||| 00| 0 eng d
020 _a9788184872453
082 _a624.1501
_bNAI/IN
100 _aNainan,P.Kurian
_9653
245 _aAn Introduction to Modern Techniques in Geotechnical and Foundation Engineering
260 _aNew Delhi
_bNarosa Publishing House
_c2013
300 _aA.4
942 _cBK
999 _c14404
_d14404